Global strategy: creating and sustaining advantage across borders (Record no. 406081)

000 -LEADER
fixed length control field 00613cam a22001817a 4500
008 - FIXED-LENGTH DATA ELEMENTS--GENERAL INFORMATION
fixed length control field 180718b2006 xxu||||| |||| 00| 0 eng d
020 ## - INTERNATIONAL STANDARD BOOK NUMBER
International Standard Book Number 0195167201
082 ## - DEWEY DECIMAL CLASSIFICATION NUMBER
Classification number I5 In5
100 ## - MAIN ENTRY--PERSONAL NAME
Personal name Inkpen, Andrew
245 ## - TITLE STATEMENT
Title Global strategy: creating and sustaining advantage across borders
Statement of responsibility, etc. by Andrew Inkpen and Kannan Ramaswamy
260 ## - PUBLICATION, DISTRIBUTION, ETC.
Place of publication, distribution, etc. New York
Name of publisher, distributor, etc. Oxford University Press
Date of publication, distribution, etc. 2006
300 ## - PHYSICAL DESCRIPTION
Extent 247p.
440 ## - SERIES STATEMENT/ADDED ENTRY--TITLE
Title Strategic management series
650 ## - SUBJECT ADDED ENTRY--TOPICAL TERM
Topical term or geographic name entry element International business enterprises --Management
650 ## - SUBJECT ADDED ENTRY--TOPICAL TERM
Topical term or geographic name entry element Strategic alliances (Business)
650 ## - SUBJECT ADDED ENTRY--TOPICAL TERM
Topical term or geographic name entry element Strategic planning
700 ## - ADDED ENTRY--PERSONAL NAME
Personal name Ramaswamy, Kannan
Holdings
Withdrawn status Lost status Damaged status Not for loan Permanent Location Current Location Date acquired Full call number Barcode Date last seen Price effective from Koha item type
        Indian Institute of Public Administration Indian Institute of Public Administration 2006-10-27 I5 In5 81445 2018-07-21 2018-07-21 Book

Powered by Koha